Los judíos en la España antigua / (Record no. 69839)

MARC details
000 -LEADER
campo de control de longitud fija 00446nam a2200157 i 4500
001 - NÚMERO DE CONTROL
campo de control 69839
003 - IDENTIFICADOR DE NÚMERO DE CONTROL
campo de control ES-MaACL
005 - FECHA Y HORA DE LA ÚLTIMA TRANSACCIÓN
campo de control 20230906170633.0
007 - CAMPO FIJO DE DESCRIPCIÓN FÍSICA--INFORMACIÓN GENERAL
campo de control de longitud fija t|
008 - DATOS DE LONGITUD FIJA--INFORMACIÓN GENERAL
campo de control de longitud fija 040712s1978 sp ||||1| spa d
100 1# - ENTRADA PRINCIPAL--NOMBRE DE PERSONA
Nombre de persona García Iglesias, L.
9 (RLIN) 54788
245 14 - MENCIÓN DEL TÍTULO
Título Los judíos en la España antigua /
Mención de responsabilidad, etc. L. García Iglesias.
260 ## - PUBLICACIÓN, DISTRIBUCIÓN, ETC.
Lugar de publicación, distribución, etc. Madrid :
Nombre del editor, distribuidor, etc. Cristiandad,
Fecha de publicación, distribución, etc. [1978]
300 ## - DESCRIPCIÓN FÍSICA
Extensión 227 p., 16 lám. ;
Dimensiones 22 cm.
852 ## - LOCALIZACIÓN
Ubicación ES-MaACL
Número de control de estantería A-9983
Sublocalización o colección R.99069
Holdings
Estatus retirado Estado de pérdida Estado de daño No para préstamo Biblioteca de origen Biblioteca actual Ubicación en estantería Fecha de adquisición Fuente de adquisición Total de préstamos Signatura topográfica completa Código de barras Visto por última vez Precio de reemplazo Tipo de ítem Koha
        Biblioteca del Ateneo de Madrid Biblioteca del Ateneo de Madrid Depósito 1 17/01/2008     A-9983 1073133 23/02/2023 23/02/2023 Libro impreso